000 004370000a22001810004500
003 MACL
005 20151211143603.0
008 151211b xxu||||| |||| 00| 0 eng d
040 _aMACL
_cMACL
041 _aEnglish
082 _a741.642
100 _aTiwari, Reema
_917330
245 _aMahamatya Chanakya
260 _bAcumen Publication
_c2008
350 _a150
650 _aChildrens Book
_97875
942 _cBK
_k741.642/TIW
_2ddc
999 _c41380
_d41380